Csontváry
Elmentve itt :
| Szerző: | |
|---|---|
| Dokumentumtípus: | Cikk |
| Megjelent: |
1972-04-09
|
| Sorozat: | Délmagyarország
62 No. 83 |
| Kulcsszavak: | Magyar irodalom vers |
| Online Access: | http://dmarchiv.bibl.u-szeged.hu/63039 |
| LEADER | 00435nab a2200157 i 4500 | ||
|---|---|---|---|
| 001 | delm63039 | ||
| 005 | 20180927151240.0 | ||
| 008 | 180927s1972 hu o 0|| hun d | ||
| 040 | |a SZTE Délmagyarország Archívum |b hun | ||
| 041 | |a hun | ||
| 100 | 1 | |a Petrőczi Éva | |
| 245 | 1 | 0 | |a Csontváry |h [elektronikus dokumentum] / |c Petrőczi Éva |
| 260 | |c 1972-04-09 | ||
| 300 | |a 7 | ||
| 490 | 0 | |a Délmagyarország |v 62 No. 83 | |
| 695 | |a Magyar irodalom vers | ||